| 000 | 01130nam a22002417a 4500 | ||
|---|---|---|---|
| 005 | 20110427152433.0 | ||
| 008 | 110427t xxu||||| |||| 00| 0 mar d | ||
| 010 | _aMAR-20748 | ||
| 020 |
_a9788184982060 _c250.00 |
||
| 035 | _aMR-13406 | ||
| 037 | _bDBAD / PUB | ||
| 040 |
_aDPL _bMR |
||
| 082 | _a921 | ||
| 100 |
_aसंघेरा,जसविंदर _927501 |
||
| 245 |
_aशेम / _cजसविंदर संघेरा : सुनंदा अमरापूरकर द्वारा अनुवादित |
||
| 246 |
_aShame _bby Jasvinder Sanghera |
||
| 260 |
_aपुणे _bमेहता पब्लिशिंग हाऊस _c2011 |
||
| 270 |
_a1941, सदाशिव पेठ माडीवाले कॉलनी, _bपुणे _e411030 |
||
| 300 |
_a251पृ _c22सेमी (अजिल्द) |
||
| 700 |
_aअमरापूरकर,सुनंदा _927502 |
||
| 942 |
_2ddc _cMR _h921 _mसंघेरा |
||
| 999 |
_c51941 _d51941 |
||